El pensamiento de Michele Federico Sciacca: homenaje 1908 1958

Guardat en:
Dades bibliogràfiques
Autors principals: Yoles, Francisca (Autor), Caturelli, Alberto (Autor), Albendea, Manuel (Autor), Fiori, Ernani María (Autor), Cirell Czerna, Renato (Autor), Casas, Manuel Gonzalo (Autor), Fernández Sabaté, Edgardo (Autor)
Format: Llibre
Idioma:espanyol
Publicat: Buenos Aires Troquel 1959
Col·lecció:Colección Diálogos del Presente, 9
Matèries:
Etiquetes: Afegir etiqueta
Sense etiquetes, Sigues el primer a etiquetar aquest registre!

MARC

LEADER 00000nam a2200000 a 4500
001 UCU2404
003 CL-VaPUC
008 960426e19590000AG |||||||||||||||||spa|d
082 0 4 |a 195  |b YOL  |2 21 
100 0 |a Yoles, Francisca  |e author  |9 358528 
700 0 |a Caturelli, Alberto  |e author  |9 358529 
700 0 |a Albendea, Manuel  |e author  |9 358530 
700 0 |a Fiori, Ernani María  |e author  |9 358531 
700 0 |a Cirell Czerna, Renato  |e author  |9 358532 
700 0 |a Casas, Manuel Gonzalo  |e author  |9 358533 
700 0 |a Fernández Sabaté, Edgardo  |e author  |9 358534 
245 1 3 |a El pensamiento de Michele Federico Sciacca: homenaje 1908 1958 
300 |a 185 p 
942 |c BK 
945 |d 19960426 00:00:00  |a rleighto 
260 |a Buenos Aires  |b Troquel  |c 1959 
600 0 7 |a SCIACCA, MICHELE FEDERICO  |2 CL-VaPUC  |9 358535 
650 0 |a Filosofía italiana  |9 265241 
650 7 |a FILOSOFOS ITALIANOS  |2 CL-VaPUC  |9 347766 
650 0 |a Crítica e interpretación   |9 255042 
583 |a last modification  |c 19960426 00:00:00  |k Rodrigo Vera 
490 0 |a Colección Diálogos del Presente, 9 
999 |c 246702  |d 246700 
952 |0 0  |1 0  |4 0  |6 195_000000000000000_YOL_1959  |7 0  |8 P  |9 261888  |a BIBEDU  |b BIBEDU  |c BIBEDU_PB  |d 2019-11-19  |i 3126080  |o 195 YOL 1959  |p 3126080  |r 2024-01-25  |w 2019-11-19  |y BK  |k FIL